Statistiques concernant Pokemon - Attaques inventées en 2e génération (OAC)

Cliquez ici pour prendre le quiz!

Statistiques générales

  • Ce quiz a été pris 90 fois
  • Le résultat moyen est 31 sur 85

Statistiques - réponses

Type Answer % Correct
???Malediction
87%
SpectreBall'ombre
74%
TenebresMachouille
70%
AcierQueue de fer
65%
FeuRoue de feu
65%
SolAmpleur
65%
DragonDracosouffle
65%
AcierAile d'acier
65%
EauSiphon
61%
DragonColere
61%
ElectriqueElecanon
61%
FeuZenith
61%
PlanteGiga-sangsue
57%
VolAeroblast
57%
SolCoud'boue
57%
SolPicots
57%
EauDanse pluie
57%
FeuFeu sacre
57%
PlanteSynthese
57%
TenebresFeinte
57%
InsecteTaillade
57%
CombatCoup croix
57%
DragonOuragan
52%
RocheTempetesable
52%
PoisonBomb'beurk
52%
???Puissance cachée
52%
RocheRoulade
48%
NormalAbri
48%
GlaceVent glace
48%
NormalRegard noir
43%
AcierGriffe acier
43%
SpectreDepit
43%
NormalAttraction
43%
CombatDetection
43%
GlacePoudreuse
39%
NormalRetour
39%
NormalLait a boire
39%
CombatDynamopoing
39%
TenebresLarçin
35%
NormalCadeau
35%
CombatEclat'roc
35%
NormalFrustration
35%
PsyPrescience
35%
ElectriqueEtincelle
35%
NormalRayon Lune
30%
NormalTour rapide
30%
RochePouvoir antique
30%
NormalGribouille
30%
NormalVerrouillage
30%
NormalCharme
30%
NormalVitesse extrême
26%
PsyVoile miroir
26%
InsecteToile
26%
NormalTenacite
26%
NormalAurore
26%
NormalRune protect
26%
NormalRonflement
26%
PlanteSpore coton
22%
NormalBla bla dodo
22%
CombatCorps perdu
22%
NormalDoux baiser
22%
NormalFleau
22%
NormalGlas de soin
22%
InsecteMegacorne
22%
TenebresBaston
22%
NormalBalance
22%
NormalClairvoyance
22%
CombatTriple pied
17%
TenebresPoursuite
17%
EauOctazooka
17%
CombatContre
17%
NormalAdaptation 2
17%
NormalFaux chage
13%
NormalVantardise
13%
NormalDoux parfum
13%
NormalLire esprit
13%
NormalRequiem
13%
NormalRelais
13%
NormalBoost
13%
NormalGrimace
13%
SpectrePrelevement du destin
9%
NormalLutte
9%
SolCharg'os
9%
NormalEncore
4%
NormalCognobidon
4%

Distribution des résultats

Percentile by Number Answered

% des personnes avec chaque résultat

Votre développement - résultats

Vous n’avez pas pris ce quiz